000
00200 a2200097 4500
001
7660
100
_a
Ahmed, S
245
_a
Adibi-Dunya Khas Numb
260
_a
_b
Acad Punjab
_c
090
_c
6128
_d
6128
942
_a
NUST-CAE
_c
M
_c
32632
999
_c
242733
_d
242733